000 00743nam a2200241 a 4500
001 BRL_1314
005 20190320211137.0
008 060114s1976----mx-ab#####---#000-0#spa-#
041 _aspa
044 _amx
050 4 _aHD9884
_b.R63 1976
100 1 _aRodríguez Vallejo, José
_926484
245 1 0 _aÍxcatl
_bel Algodón Mexicano
_cJosé Rodríguez Vallejo.
260 _aMéxico
_bFondo de Cultura Económica
_c1976
300 _a95 p.
_bil., mapas
_c21 cm.
440 0 _aSección de obras de antropología
_926485
500 _aAu1578
504 _aBibliografía: p. 91-93
650 1 4 _aAlgodón
_xComercio - Historia
_zMéxico
_926486
650 1 4 _aAlgodón
_xImpuestos - Historia
_zMéxico
_926487
902 _aGRL
942 _2lcc
_cB
999 _c10126
_d10126